00359nam a2200145Ia 4500003000400000005001700004008004000021040000700061041000800068082001700076100001400093245005700107260004000164300000900204OSt20250819141036.0210210b2008 xxu||||| |||| 00| 0 eng d cAL aeng a361.614 RAMH aRaman B S aHuman rights gender equity and environmental studies aMangalorebUnited Publishersc2008 a277p